[Event "Zaragoza Otono op 1st"]
[Site "Zaragoza"]
[Date "2013.11.10"]
[Round "5"]
[White "Ruperez Benito, Yaiza"]
[Black "Gasca Uson, Miguel"]
[Result "1-0"]
[WhiteElo "1524"]
[BlackElo "1500"]
[PlyCount "71"]
[EventDate "2013.10.27"]
[EventType "swiss"]
[EventRounds "6"]
[EventCountry "ESP"]
[SourceTitle "EXT 2015"]
[Source "ChessBase"]
[SourceDate "2014.11.20"]
[SourceVersion "1"]
[SourceVersionDate "2014.11.20"]
[SourceQuality "1"]

1. e4 c5 2. Nf3 Nc6 3. d4 cxd4 4. Nxd4 g6 5. Nc3 Bg7 6. Be3 Nf6 7. Bc4 0-0 8. 0-0 d6 9. f3 a6 10. Kh1 Bd7 11. Qd2 Ne5 12. Rfd1 Nxc4 13. Qc1 Nxe3 14. Qxe3 Rc8 15. Kg1 Qb6 16. Kh1 e5 17. Nf5 Qxe3 18. Nxe3 Ne8 19. Ncd5 Rc7 20. Nxc7 Nxc7 21. Rxd6 Rd8 22. Rad1 Rf8 23. Rxd7 Ne6 24. h3 Bh6 25. Ng4 Bg5 26. Rxb7 h5 27. Nxe5 Bf6 28. Nd7 Kg7 29. Nxf8 Kxf8 30. Rdd7 Ke8 31. Rxf7 Bg5 32. Rh7 Nf8 33. Rb8+ Bd8 34. Ra7 Nd7 35. Rba8 Ke7 36. Rxa6 1-0

[Event "Zaragoza Otono op 1st"]
[Site "Zaragoza"]
[Date "2013.10.27"]
[Round "2"]
[White "Ortin Blanco, Inigo"]
[Black "Gasca Uson, Miguel"]
[Result "1-0"]
[WhiteElo "1572"]
[BlackElo "1500"]
[PlyCount "75"]
[EventDate "2013.10.27"]
[EventType "swiss"]
[EventRounds "6"]
[EventCountry "ESP"]
[SourceTitle "EXT 2015"]
[Source "ChessBase"]
[SourceDate "2014.11.20"]
[SourceVersion "1"]
[SourceVersionDate "2014.11.20"]
[SourceQuality "1"]

1. d4 Nf6 2. Bg5 Nc6 3. e3 e6 4. Nf3 Bd6 5. c4 b6 6. Nc3 0-0 7. Bd3 h6 8. Bh4 Bb7 9. a3 Be7 10. 0-0 d5 11. b4 Nd7 12. Bxe7 Nxe7 13. Rb1 Re8 14. Re1 a6 15. c5 Rc8 16. a4 Nf6 17. Qe2 Ne4 18. Rec1 Ng6 19. Nd2 e5 20. c6 Bxc6 21. Ncxe4 dxe4 22. Bxa6 Ra8 23. Rxc6 exd4 24. exd4 Qxd4 25. Bb5 e3 26. Nb3 exf2+ 27. Qxf2 Qxb4 28. Rc4 Qd6 29. Bxe8 Rxe8 30. Re1 Ne5 31. Rd4 Qc6 32. Rde4 f6 33. Nd4 Qxa4 34. Nf3 Nxf3+ 35. Qxf3 Rxe4 36. Qxe4 Qd7 37. Qe8+ Qxe8 38. Rxe8+ 1-0